Central Library OPAC University of Rajshahi

Soviet civil law : (Record no. 5657)

MARC details
000 -LEADER
fixed length control field 01237cam a22003011 4500
001 - CONTROL NUMBER
control field 5657
003 - CONTROL NUMBER IDENTIFIER
rucl marc code BD-RjUL
005 - DATE AND TIME OF LATEST TRANSACTION
control field 20211208234114.0
008 - FIXED-LENGTH DATA ELEMENTS--GENERAL INFORMATION
fixed length control field 140106r19491948miu 001 0 eng
035 ## - SYSTEM CONTROL NUMBER
System control number (BD-RjUL)5696
System control number (OCoLC)512746
040 ## - CATALOGING SOURCE
Original cataloging agency DLC
Transcribing agency ODaWU
Modifying agency OCoLC
-- DLC
-- BD-RjUL
Language of cataloging eng
041 ## - LANGUAGE CODE
Language code of text/sound track or separate title eng
051 ## - LIBRARY OF CONGRESS COPY, ISSUE, OFFPRINT STATEMENT
Copy information Copy 2, 3.
082 ## - DEWEY DECIMAL CLASSIFICATION NUMBER
Classification number 349.47
Author mark and year GSS 1949
100 1# - MAIN ENTRY--PERSONAL NAME
Personal name Gsovski, Vladimir,
Dates associated with a name 1891-1961.
9 (RLIN) 17770
245 10 - TITLE STATEMENT
Title Soviet civil law :
Remainder of title private rights and their background under the Soviet regime. Comparative survey and translation of the Civil code, Code of domestic relations, Judiciary act, Code of civil procedure, laws on nationality, corporations, patents, copyright, collective farms, labor, and other related laws /
Statement of responsibility, etc. Foreword by Hessel E. Yntema.
260 ## - PUBLICATION, DISTRIBUTION, ETC. (IMPRINT)
Place of publication, distribution, etc. Ann Arbor,
Name of publisher, distributor, etc. Univ. of Michigan Law School,
Date of publication, distribution, etc. c1949.
300 ## - PHYSICAL DESCRIPTION
Pagination V ;
Size 23 cm.
504 ## - BIBLIOGRAPHY, ETC. NOTE
Bibliography, etc Includes index.
505 0# - FORMATTED CONTENTS NOTE
Formatted contents note v. 1. Comparative survey.--v. 2. Translation.
650 #0 - SUBJECT ADDED ENTRY--TOPICAL TERM
Topical term or geographic name as entry element Civil law
Geographic subdivision Soviet Union.
9 (RLIN) 11625
Topical term or geographic name as entry element Civil procedure
Geographic subdivision Soviet Union.
9 (RLIN) 11626
710 1# - ADDED ENTRY--CORPORATE NAME
Corporate name or jurisdiction name as entry element Soviet Union.
Form subheading Laws, statutes, etc.
9 (RLIN) 17772
942 ## - ADDED ENTRY ELEMENTS (KOHA)
Source of classification or shelving scheme Dewey Decimal Classification
Koha item type Books
Holdings
Lost status Source of classification or shelving scheme Damaged status Not for loan Collection code Permanent Location Current Location Shelving location Date acquired Source of acquisition Cost, normal purchase price Total Checkouts Full call number Date last seen Copy number Koha item type
  Dewey Decimal Classification     Non-fiction Central Library, University of Rajshahi Central Library, University of Rajshahi   05/08/1955 O.U.P 40.00   349.47 GSS V-2 1949 06/01/2014 C-2 Books
  Dewey Decimal Classification     Non-fiction Central Library, University of Rajshahi Central Library, University of Rajshahi   21/07/1955 O.U.P 40.00   349.47 GSS V-2 1949 03/08/2016 C-3 Books